000
00161 a2200085 4500
041
_a
eng
100
_a
Anonimo
245
_a
Pooh gets ready for winter
942
_c
BK
999
_c
11258
_d
11258